| 000 | 00977nam a22002655i 4500 | ||
|---|---|---|---|
| 001 | 165008 | ||
| 003 | ES-MaACL | ||
| 005 | 20260629130410.0 | ||
| 008 | 050927m18011900fr a| |||||||| ||fre d | ||
| 040 |
_aCAM _bspa _cCAM |
||
| 100 | 1 |
_aScott, Walter, _cSir, _d1771-1832 _9104957 |
|
| 245 | 1 | 3 |
_aLe comte Robert de Paris / _cpar Walter-Scott; traduction nouvelle de L. Barré. |
| 260 |
_aParis : _b[s.n., _cs.a.] ( _fImpr. Lacour et C.) |
||
| 300 |
_a72 p. : _bil. ; _c30 cm. |
||
| 490 | 1 |
_aLes veillées littéraires ; _v9 |
|
| 594 | _aTit. y autor tomados de comienzo de texto. | ||
| 596 | _aEl imp. conta en pie de pag. | ||
| 596 | _aEl imp. trabaja en el siglo XIX. | ||
| 597 | _aTexto a dos col. | ||
| 598 | _aLa serie consta en encabezamiento de pag. | ||
| 700 | 1 |
_aBarré, Louis, _d1799-1857 _925873 |
|
| 830 | 0 |
_aLes veillées littéraires ; _v9 _9222393 |
|
| 852 |
_aES-MaACL _jC-2260(3) _z-- Enc. hol. _z-- Legado M. de la Fuente |
||
| 999 |
_c165008 _d165008 |
||